100 Biggest U.S. Cities by Peak Population - Statistics

General Stats
  • This quiz has been taken 976 times
  • The average score is 68 of 99
Answer Stats
Peak Population City % Correct
2020 8,804,190 New York, NY
100%
2020 3,898,747 Los Angeles, CA
99%
1950 3,620,962 Chicago, IL
98%
2020 1,304,379 Dallas, TX
97%
2020 2,304,580 Houston, TX
97%
1950 1,849,568 Detroit, MI
96%
2020 442,241 Miami, FL
95%
1950 2,071,605 Philadelphia, PA
95%
1950 801,444 Boston, MA
94%
2020 873,965 San Francisco, CA
94%
2020 737,015 Seattle, WA
94%
2020 1,608,139 Phoenix, AZ
93%
2020 1,386,932 San Diego, CA
93%
1950 802,178 Washington, DC
92%
2020 498,715 Atlanta, GA
91%
2020 961,855 Austin, TX
90%
2020 715,522 Denver, CO
90%
2020 949,611 Jacksonville, FL
90%
2020 1,434,625 San Antonio, TX
90%
1950 676,806 Pittsburgh, PA
88%
2020 652,503 Portland, OR
88%
2020 905,748 Columbus, OH
87%
2020 641,903 Las Vegas, NV
87%
2020 1,013,240 San Jose, CA
87%
1950 949,708 Baltimore, MD
86%
2020 874,579 Charlotte, NC
86%
1950 914,808 Cleveland, OH
86%
2020 887,642 Indianapolis, IN
86%
2020 508,090 Kansas City, MO
86%
1960 741,324 Milwaukee, WI
86%
1950 521,718 Minneapolis, MN
86%
1960 627,525 New Orleans, LA
86%
1950 856,796 St. Louis, MO
86%
1950 580,132 Buffalo, NY
84%
2020 689,447 Nashville, TN
84%
2020 307,573 Orlando, FL
84%
2020 384,959 Tampa, FL
84%
2000 650,100 Memphis, TN
83%
2020 681,054 Oklahoma City, OK
83%
1950 503,998 Cincinnati, OH
82%
2020 524,943 Sacramento, CA
82%
2020 678,815 El Paso, TX
79%
2020 918,915 Fort Worth, TX
79%
2020 467,665 Raleigh, NC
78%
2020 633,045 Louisville, KY
75%
2020 542,629 Tucson, AZ
75%
2020 564,559 Albuquerque, NM
73%
2020 486,051 Omaha, NE
73%
1970 249,621 Richmond, VA
72%
2020 440,646 Oakland, CA
71%
1960 313,411 Saint Paul, MN
71%
2020 413,066 Tulsa, OK
69%
2020 542,107 Fresno, CA
68%
1930 442,337 Newark, NJ
68%
2020 459,470 Virginia Beach, VA
68%
1960 340,887 Birmingham, AL
67%
1930 328,132 Rochester, NY
66%
2020 478,961 Colorado Springs, CO
64%
1940 253,504 Providence, RI
63%
2000 371,657 Honolulu, HI
62%
2020 397,532 Wichita, KS
61%
1970 383,818 Toledo, OH
60%
2020 466,742 Long Beach, CA
59%
2020 264,165 Reno, NV
59%
1930 316,715 Jersey City, NJ
58%
2020 269,840 Madison, WI
58%
2020 403,455 Bakersfield, CA
57%
1960 290,351 Akron, OH
56%
2020 346,824 Anaheim, CA
56%
2020 504,258 Mesa, AZ
56%
2010 291,826 Anchorage, AK
54%
2020 291,082 Lincoln, NE
54%
2020 249,545 Winston-Salem, NC
54%
2020 394,266 Arlington, TX
52%
1960 262,332 Dayton, OH
52%
2020 322,570 Lexington, KY
52%
2020 314,998 Riverside, CA
52%
1970 307,951 Norfolk, VA
51%
2020 283,506 Durham, NC
50%
2020 299,035 Greensboro, NC
50%
2020 317,863 Corpus Christi, TX
46%
2020 263,886 Fort Wayne, IN
45%
2020 258,308 St. Petersburg, FL
44%
2020 386,261 Aurora, CO
43%
2000 337,977 Santa Ana, CA
40%
2020 320,804 Stockton, CA
40%
2020 257,141 Lubbock, TX
38%
2020 307,670 Irvine, CA
36%
2020 285,494 Plano, TX
36%
2020 317,610 Henderson, NV
35%
2020 248,325 Glendale, AZ
34%
2020 263,640 Laredo, TX
34%
2020 262,527 North Las Vegas, NV
33%
2020 275,987 Chandler, AZ
32%
2020 249,422 Chesapeake, VA
32%
2020 256,684 Irving, TX
29%
2020 275,487 Chula Vista, CA
28%
2020 267,918 Gilbert, AZ
28%
2020 246,018 Garland, TX
22%
No matching quizzes found
Score Distribution
Percent of People with Each Score
Percentile by Number Answered
Your Score History
You have not taken this quiz